000 00309nam a22001457a 4500
003 SGT
082 _a346.02,BUR
100 _aBURROWS,ANDREW
245 _aA CASE BOOK ON CONTRACT
250 _a4TH
260 _aPORTLAND
_bHART PUBLICATION
_c2013
300 _a839
650 _aPRIVATE LAW
942 _2ddc
_cBK
999 _c9530
_d9530